Statistics for State Capitals Closest to Philadelphia

Click here to take the quiz!

General Stats

  • This quiz has been taken 17 times
  • The average score is 8 of 10

Answer Stats

Distance (Miles) State Capital % Correct
200.3Albany
93%
27.5Trenton
87%
234.4Providence
87%
58.2Dover
80%
94.1Harrisburg
80%
98.1Annapolis
73%
269.9Boston
73%
179.9Hartford
67%
207.1Richmond
67%
292.4Concord
47%

Score Distribution

Percentile by Number Answered

Percent of People with Each Score

Your Score History

You have not taken this quiz